000 00357 a2200157 4500
001 177311
020 _a
040 _cMagnum
100 _aYazbeck, Ivan
240 1 0 _aA incrivel aventura de juba e daniel
_lpor
245 1 0 _aA incrivel aventura de juba e daniel
362 0 _a1899
440 1 _aScipione
697 _aMAGNITO: J/FICCAO
942 _cBK
999 _c177311
_d177311